| 000 | 00406nam a22001817a 4500 | ||
|---|---|---|---|
| 003 | OSt | ||
| 005 | 20220114102503.0 | ||
| 008 | 220114b |||||||| |||| 00| 0 eng d | ||
| 020 | _a0471869708 | ||
| 040 | _cHU | ||
| 082 | _a532 | ||
| 100 |
_aVennard K. John _927971 |
||
| 245 | _aElementary Fluid Mechanics | ||
| 250 | _a6ed | ||
| 260 |
_aNew York _bNew York |
||
| 300 | _f685 | ||
| 942 |
_2ddc _cBOOKS _n0 |
||
| 999 |
_c27007 _d27007 |
||